000 00494nam a22001937a 4500
003 BD-DhUIB
005 20260603150033.0
008 260603b |||||||| |||| 00| 0 eng d
020 _a9781032019383
040 _aBD-DhUIB
_cBD-DhUIB
082 _222
100 _aClarke, Thomas.
_91131
245 _aInternational corporate finance/
_cby Thomas Clarke.
250 _a3rd ed.
260 _aIndia:
_bRoutledge ,
300 _axvi, 801p. :
_billus. ;
_c24cm.
526 _aMBA
942 _2ddc
_cBK
999 _c721
_d721